00582nam a2200193 i 4500001000300000100002300003245003800026260002100064490003600085830002900121040000800150041000800158080001000166942000700176008004100183999001700224856009800241952004900339bg1 aBORZĘCKI, Maciej 0aAkupunktura /cMaciej Borzęcki. aWarszawa,c1987.1 aBiblioteka Problemów ;vt.286 aBiblioteka Problemów ; cBPK apol a615.8 cKS s pl f |000 0 pol  c23521d23521 uhttp://koha.tu.koszalin.pl/cgi-bin/koha/opac-detail.pl?biblionumber=23521yKatalog online BPK 00104070aBPKbBPKcwo33646p01392074yKS